THE MUSLIM WOMAN'S HANDBOOK / (Record no. 187514)

MARC details
000 -LEADER
fixed length control field 00779nam a2200265 i 4500
003 - CONTROL NUMBER IDENTIFIER
control field OSt
005 - DATE AND TIME OF LATEST TRANSACTION
control field 20220220125043.0
008 - FIXED-LENGTH DATA ELEMENTS--GENERAL INFORMATION
fixed length control field 220220s1993 enk g f 001 0 eng d
020 ## - INTERNATIONAL STANDARD BOOK NUMBER
International Standard Book Number 1897940009
Qualifying information paperback
040 ## - CATALOGING SOURCE
Original cataloging agency PPAK
Language of cataloging eng
Transcribing agency PPAK
Description conventions rda
082 04 - DEWEY DECIMAL CLASSIFICATION NUMBER
Edition number 23
Classification number 297.57082
090 00 - LOCALLY ASSIGNED LC-TYPE CALL NUMBER (OCLC); LOCAL CALL NUMBER (RLIN)
Classification number (OCLC) (R) ; Classification number, CALL (RLIN) (NR) 297.57082
Feature heading KHA
Feature heading KAO
100 1# - MAIN ENTRY--PERSONAL NAME
Personal name Khattab, Huda,
Relator term author.
245 14 - TITLE STATEMENT
Title THE MUSLIM WOMAN'S HANDBOOK /
Statement of responsibility, etc. By HUDA KHATTAB
264 #1 - PRODUCTION, PUBLICATION, DISTRIBUTION, MANUFACTURE, AND COPYRIGHT NOTICE
Place of production, publication, distribution, manufacture London :
Name of producer, publisher, distributor, manufacturer Ta-Ha Publishers,
Date of production, publication, distribution, manufacture, or copyright notice 1993
300 ## - PHYSICAL DESCRIPTION
Extent v, 67 pages ;
Dimensions 21 cm.
336 ## - CONTENT TYPE
Source rdacontent
Content type term text
337 ## - MEDIA TYPE
Source rdamedia
Media type term unmediated
338 ## - CARRIER TYPE
Source rdacarrier
Carrier type term volume
504 ## - BIBLIOGRAPHY, ETC. NOTE
Bibliography, etc. note Includes bibliography and indexs
650 10 - SUBJECT ADDED ENTRY--TOPICAL TERM
Topical term or geographic name entry element Muslim women
Form subdivision Conduct of life.
Topical term or geographic name entry element Women in Islam.
Topical term or geographic name entry element Islamic etiquette.
942 ## - ADDED ENTRY ELEMENTS (KOHA)
Source of classification or shelving scheme Dewey Decimal Classification
Koha item type Book
Holdings
Withdrawn Not for loan Current library Shelving location Date acquired Total Checkouts Full call number Barcode Date last seen Koha item type
  Not For Loan Perpustakaan Jitra Koleksi Asmah Haji Omar 12/04/2022   KAO 297.57082 KHA KAO000587 12/04/2022 Book